Visualizzazione normale
Vista MARC
- AA.VV.
di Personal Name
Records bibliografici associati: 1
001 - CONTROL NUMBER
- control field: 21933
003 - CONTROL NUMBER IDENTIFIER
- control field: IT-RoPau
005 - DATE AND TIME OF LATEST TRANSACTION
- control field: 20140424121759.0
008 - FIXED-LENGTH DATA ELEMENTS
- fixed length control field: 140424|| aca||aabn | a|a d
040 ## - CATALOGING SOURCE
- Original cataloging agency: IT-RoPau
- Transcribing agency: IT-RoPau
100 ## - HEADING--PERSONAL NAME
- Personal name: AA.VV.
- Relator term: inteprete
- Miscellaneous information: Codice Interprete SPICS: 12000
670 ## - SOURCE DATA FOUND
- Source citation: Work cat.: (IT-RoPau)98849: Anonimo 883, Ave Maria madre di Dio